| 000 | 01105nam a22002057a 4500 | ||
|---|---|---|---|
| 003 | OSt | ||
| 005 | 20241127193951.0 | ||
| 008 | 241127b |||||||| |||| 00| 0 eng d | ||
| 040 | _cCentral University Library | ||
| 245 |
_aThe All England Law Reports 1955 Vol. 3 _cEditors: Harold Christie, ESQ., Q.C.; Cyril King, ESQ., Q.C.; and J. T. Edgerley, ESQ. |
||
| 260 |
_aLondon, United Kingdom _bButterworth & Co. (Publishers) Ltd. _c1955 |
||
| 300 |
_axxii, 880 pages _c23.5 cm |
||
| 490 | _3Law Reports | ||
| 500 | _aTHE ALL ENGLAND LAW REPORTS INCORPORATING THE LAW TIMES REPORTS OF CASES DECIDED IN THE HOUSE OF LORDS, THE PRIVY COUNCIL, ALL DIVISIONS OF THE SUPREME COURT AND COURTS OF SPECIAL JURISDICTION - 1955 VOLUME 3. | ||
| 600 |
_2Law Reports _xEngland |
||
| 700 |
_aHarold Christie, ESQ., Q.C. (Bencher of Lincoln's Inn) _eConsulting Editor for Chancery Cases |
||
| 700 |
_aCyril King, ESQ., Q.C. (Bencher of Middle Temple) _eConsulting Editor for Taxation Cases |
||
| 700 |
_aJ. T. Edgerley, ESQ. (of the Inner Temple and Lincoln's Inn, Barristers-at-Law) _eGeneral Editor |
||
| 942 |
_2lcc _cBK _n0 |
||
| 999 |
_c1668 _d1668 |
||